| 000 | 003950000a22001210004500 | ||
|---|---|---|---|
| 090 |
_aAR _b04240 |
||
| 245 | 1 | 0 | _aNotas para una monografía del género Trichillum Harold, 1868 |
| 500 | _a<Literatura de escarabajos coprófagos> | ||
| 041 | 0 | _aEspañol | |
| 100 | 1 |
_aMartínez, Antonio _995967 |
|
| 942 | _cARTICULO | ||
| 773 | 1 |
_tRevista de la Sociedad Mexicana de Historia Natural _q119-147 _d1967 _g28 |
|
| 999 |
_c13337 _d13337 |
||